[Event "Novi Sad TS Mix 236th"]
[Site "Novi Sad"]
[Date "2022.02.10"]
[Round "4.1"]
[White "Harisurya, Bharadwaj Gundepudi"]
[Black "Dokic, Zoran"]
[Result "1/2-1/2"]
[WhiteElo "1882"]
[BlackElo "1921"]
[PlyCount "51"]
[EventDate "2022.02.08"]
[EventType "schev"]
[EventRounds "9"]
[EventCountry "SRB"]
[SourceTitle "CBM 207 Extra"]
[Source "ChessBase"]
[SourceDate "2022.05.31"]
[SourceVersion "1"]
[SourceVersionDate "2022.05.31"]
[SourceQuality "1"]
[WhiteTeam "Team B"]
[BlackTeam "Team A"]
[WhiteTeamCountry "SRB"]
[BlackTeamCountry "SRB"]

1. d4 Nf6 2. Nf3 g6 3. Bg5 Ne4 4. Bf4 Bg7 5. Nbd2 d5 6. e3 c5 7. c3 Qb6 8. Qb3 Nxd2 9. Nxd2 c4 10. Qc2 Bf5 11. e4 dxe4 12. Nxc4 Qd8 13. Ne3 Nc6 14. g4 e5 15. gxf5 exf4 16. Qxe4+ Qe7 17. Qxe7+ Nxe7 18. Nc4 0-0-0 19. fxg6 hxg6 20. 0-0-0 Kc7 21. Nd2 f5 22. Bg2 Bf6 23. h3 g5 24. f3 Nd5 25. Nf1 b5 26. a3 1/2-1/2

[Event "Nis op"]
[Site "Nis"]
[Date "2019.07.04"]
[Round "9"]
[White "Harisurya, Bharadwaj Gundepudi"]
[Black "Jijo, Joy"]
[Result "1/2-1/2"]
[WhiteElo "1807"]
[BlackElo "2053"]
[PlyCount "38"]
[EventDate "2019.06.25"]
[EventType "swiss"]
[EventRounds "9"]
[EventCountry "SRB"]
[SourceTitle "EXT 2020"]
[Source "ChessBase"]
[SourceDate "2019.10.17"]
[SourceVersion "1"]
[SourceVersionDate "2019.10.17"]
[SourceQuality "1"]

1. c4 c5 2. Nc3 Nc6 3. g3 g6 4. Bg2 Bg7 5. d3 e6 6. e3 d6 7. Nge2 Nf6 8. 0-0 0-0 9. d4 Qb6 10. b3 cxd4 11. exd4 d5 12. cxd5 exd5 13. Nxd5 Nxd5 14. Bxd5 Nxd4 15. Nxd4 Bxd4 16. Ba3 Rd8 17. Qf3 Be6 18. Bxe6 fxe6 19. Rad1 Rd5 1/2-1/2